000 00543nam a2200193Ia 4500
005 20260429112052.0
008 260429s9999||||xx |||||||||||||| ||und||
020 _a9788132220671
041 _aEnglish
082 _a571.2
_bARO
100 _aArora, NAveen Kumar
245 0 _aPlant microbes symbiosis :
_bapplied facets /
_cNAveen Kumar Arora
250 _a1st ed.
260 _aNew York :
_bSpringer,
_c2015.
300 _aix, 381 p.; hb
650 _a Agricultural microbiology
650 _aPlant-microbe interactions
942 _cTB
999 _c52181
_d52181